| 000 | 00781nam a22002657a 4500 | ||
|---|---|---|---|
| 999 |
_c7064 _d7064 |
||
| 001 | 7064 | ||
| 003 | BD-JhCC | ||
| 005 | 20180419190436.0 | ||
| 008 | 711215s1945 dcu 000 0 eng | ||
| 035 | _a(BD-JhCC)7064 | ||
| 040 |
_aDLC _cODaWU _dOCoLC _dDLC _dBD-JhCC |
||
| 041 | _aeng | ||
| 050 | 0 | 0 |
_aLB1115 _b.A55 |
| 082 |
_a305.231 _bHEL 1945 |
||
| 110 | 2 |
_aAmerican Council on Education. _bCommission on Teacher Education. |
|
| 245 | 1 | 0 | _aHelping teachers understand children / |
| 260 |
_aWashington, D.C.: _bAmerican council on education, _c1945. |
||
| 300 |
_a468 p. _c24 cm. |
||
| 650 | 0 | _aChild psychology. | |
| 650 | 0 | _aEducational counseling. | |
| 650 | 0 | _aChildren Development | |
| 650 | 0 | _aTeaching. | |
| 710 | _aAmerican Council on Education. | ||
| 942 |
_2ddc _cBK |
||